[Event "Minsk op"]
[Site "Minsk"]
[Date "2015.07.15"]
[Round "1"]
[White "Gordeenja, Valerij"]
[Black "Shtembuliak, Evgeny"]
[Result "1-0"]
[WhiteElo "1918"]
[BlackElo "2402"]
[PlyCount "55"]
[EventDate "2015.07.15"]
[EventType "swiss"]
[EventRounds "9"]
[EventCountry "BLR"]
[SourceTitle "CBM 167 Extra"]
[Source "ChessBase"]
[SourceDate "2015.09.14"]
[SourceVersion "1"]
[SourceVersionDate "2015.09.14"]
[SourceQuality "1"]

1. e4 c5 2. Nf3 e6 3. d4 cxd4 4. Nxd4 Nc6 5. Nc3 Qc7 6. Be3 a6 7. Qd2 Nf6 8. f3 Bb4 9. a3 Be7 10. g4 Ne5 11. g5 Nh5 12. 0-0-0 b5 13. Nf5 Bf8 14. Be2 Bb7 15. f4 Nc4 16. Bxc4 bxc4 17. Bb6 Qxf4 18. Be3 Qc7 19. Bb6 Qc6 20. Rhe1 g6 21. Nd5 Rc8 22. Qe2 gxf5 23. Qxh5 Bg7 24. exf5 Qb5 25. f6 Bf8 26. Nc7+ Rxc7 27. Bxc7 c3 28. Rxe6+ 1-0

[Event "Minsk Inautomarket op"]
[Site "Minsk"]
[Date "2005.07.10"]
[Round "1"]
[White "Gordeenja, Valerij"]
[Black "Shkuran, Danylo"]
[Result "0-1"]
[WhiteElo "2105"]
[BlackElo "2374"]
[PlyCount "68"]
[EventDate "2005.07.06"]
[EventType "swiss"]
[EventRounds "9"]
[EventCountry "BLR"]
[SourceTitle "CBM 107 Extra"]
[Source "ChessBase"]
[SourceDate "2005.09.01"]
[SourceVersion "1"]
[SourceVersionDate "2005.09.01"]
[SourceQuality "1"]

1. e4 c5 2. Nf3 d6 3. d4 cxd4 4. Nxd4 Nf6 5. Nc3 a6 6. Be3 Ng4 7. Bg5 h6 8. Bh4 g5 9. Bg3 Bg7 10. Nf5 Bxf5 11. exf5 Qa5 12. Bd3 Bxc3+ 13. bxc3 Qxc3+ 14. Kf1 Nf6 15. Rb1 Qc7 16. h4 g4 17. h5 Nbd7 18. f3 Ne5 19. Bf4 Nd5 20. Bb5+ axb5 21. Qxd5 Qxc2 22. Qxb5+ Kf8 23. Qb3 Qxf5 24. Bxe5 dxe5 25. Rh4 gxf3 26. gxf3 Rg8 27. Kf2 Qg5 28. Re4 Qd2+ 29. Re2 Rg2+ 30. Kxg2 Qxe2+ 31. Kh3 Rxa2 32. Kg4 Qg2+ 33. Kf5 Qg5+ 34. Ke4 Qf4+ 0-1